• 首页
  • 本馆介绍
  • 公告通知
  • 最新文献
  • 馆藏检索
  • 电子资源
  • 读者导购
  • 参考咨询
  • 我的图书馆
  • 登录
  • 详细信息显示
  • 放入我的书架
  • 预约/预借图书
  • 作者相关作品
  • 分类相关作品
  • 丛书相关作品
  • 出版社相关作品

书目信息

  • 表格格式
  • 工作单格式
  • 卡片格式
题名:
英国深度游Follow Me
    
 
作者: ;亲历者编辑部 编著
分册:  
出版信息: 北京   中国铁道出版社  2013.05
页数: 239页
开本: 21cm
丛书名: 旅游书架
单 册:
中图分类: K956.19
科图分类:
主题词: 旅游指南--英国 , 旅游指南
电子资源:
ISBN: 978-7-113-16135-4
000 00959oam2 2200301 450
001 010700147971
005 20140610164727.17
010    @a978-7-113-16135-4@dCNY39.80
100    @a20130502d2013 em y0chiy0110 ea
101 0  @achi
102    @aCN@b110000
105    @aabfkz 000yy
106    @ar
200 1  @a英国深度游Follow Me@9ying guo shen du you Follow Me@e最新超值版@f《亲历者》编辑部编著
210    @a北京@c中国铁道出版社@d2013.05
215    @a239页@c图,地图,折图@d21cm
225 2  @a旅游书架
225 2  @a亲历者
330    @a本书主要内容包括:英国旅行必备的N个锦囊、伦敦深度游、牛津深度游、剑桥深度游、曼彻斯特深度游、利物浦及其周边深度游等。
333    @a旅游爱好者
461  0 @12001 @a旅游书架
461  0 @12001 @a亲历者
606 0  @a旅游指南@y英国
606 0  @a旅游指南
690    @aK956.19@v5
711 02 @a亲历者编辑部@9qin li zhe bian ji bu@4编著
801  0 @aCN@b人天书店@c20130502
905    @b845548-50@dK956.19@e271@f3
    
    英国深度游Follow Me:最新超值版/《亲历者》编辑部编著.-北京:中国铁道出版社,2013.05
    239页:图,地图,折图;21cm.-(旅游书架).-(亲历者)
    使用对象:旅游爱好者
    
    ISBN 978-7-113-16135-4:CNY39.80
    本书主要内容包括:英国旅行必备的N个锦囊、伦敦深度游、牛津深度游、剑桥深度游、曼彻斯特深度游、利物浦及其周边深度游等。
●
相关链接 在E读中查询图书 在五车中查询图书 在当当中查询图书 在豆瓣中查询图书


正题名:英国深度游Follow Me     索取号:K956.19/271         预约/预借

序号 登录号 条形码 馆藏地/架位号 状态 备注
1 845548   208455483   第二样本阅览室/ [索取号:K956.19/271] 在馆    
2 845549   208455492   密集书库-资源管理系/ [索取号:K956.19/271] 在馆    
3 845550   208455508   第二借阅区/ [索取号:K956.19/271] 在馆    
唐山师范学院图书馆 欢迎您!
大连网信软件有限公司© 版权所有